The Office Comprehension 11 - Halloween - Statistics

General Stats
  • This quiz has been taken 15 times
  • The average score is 9 of 15
Answer Stats
Hint Answer % Correct
Who did Michael unsuccessfully try to fire? Creed Bratton
85%
Who did Michael end up firing? Devon
77%
What did Michael have to do that day? Fire someone
77%
What did Jim dress as? 3 hole punch Jim
69%
What material was Michael's costume made of? Paper mache
69%
Where did they go after being fired? Poor Richard's
69%
What did they smash onto Michael's car? Pumpkin
69%
What did Dwight dress as? A Sith lord
62%
What vital piece of information was left off Dwight's CV? Martial arts training
62%
What state is it in? Maryland
62%
Who did Dwight attempt to fire, just to see how he would take it? Stanley Hudson
62%
What company did Pam send Dwight's CV to? Cumberland Mills
46%
What did Michael dress as the year before? Janet Jackson's boob
46%
Why did he wait until Halloween to do it? It's scary stuff
31%
Who did Michael wish he could fire instead, although he didn't mean it? Sherri
23%
No matching quizzes found
Score Distribution
Percent of People with Each Score
Percentile by Number Answered
Your Score History
You have not taken this quiz